Black Country, New Road - First line of their songs - Statistiques

Statistiques générales
  • Ce quiz a été pris 17 fois
  • Le résultat moyen est 10 sur 15
Statistiques - réponses
Hint Réponse % Correct
Athens, France She flies to Paris, France, I come down in her childhood bed
83%
The Place Where He Inserted the Blade You're scared of a world where you're needed
83%
Chaos Space Marine And though England is mine I must leave it all behind
75%
Concorde Concorde, this organ the new one I'm formin'
75%
Bread Song Okay, well, I just woke up and you already don't care
75%
Snow Globes We must let the clamp do what the clamp does best
75%
Basketball shoes Concorde flies in my room tears the house to shreds
67%
Up Song Look at what we did together don't know how you did it
67%
Nancy Tries to Take the Night There's a time and a place and the place it is now
67%
Sunglasses Welcome to the best new six-part Danish crime drama
67%
Happy Birthday Cheer up child the world don't owe you a thing
58%
Besties I wanna be anywhere other than this
50%
Mary Ring at six, the day begins she stumbles down the stairway
50%
Track X You've got great hips I've been shaking ever since
42%
Socks I thought it was and I thought it well
33%
Aucun quiz correspondant
Distribution des résultats
% des personnes avec chaque résultat
Percentile par nombre de réponses
Votre historique - résultats
Vous n’avez pas pris ce quiz